000 00297nam a2200109 4500
245 _aNature of physical existence
_cIvor Leclerc
100 _aLeclerc, Ivor
260 _aLondon
_bGeorge Allen & Unwin
_c1972
300 _a381p.; 22cm.-
490 _aMuirhead library of philosophy
082 _a113
_bLEC
999 _c15712
_d15712